Arzoo : (Record no. 45520)

MARC details
000 -LEADER
fixed length control field 01350njm a22003137a 4500
005 - DATE AND TIME OF LATEST TRANSACTION
control field 20100913100512.0
007 - PHYSICAL DESCRIPTION FIXED FIELD--GENERAL INFORMATION
fixed length control field sd ammalaaahaa
008 - FIXED-LENGTH DATA ELEMENTS--GENERAL INFORMATION
fixed length control field 100913t xxu||||| |||| 00| 0 hin d
028 ## - PUBLISHER NUMBER
Publisher number TAE 1247
Source ODEON
035 ## - SYSTEM CONTROL NUMBER
System control number GR-02285
040 ## - CATALOGING SOURCE
Original cataloging agency SED/VEN
100 ## - MAIN ENTRY--PERSONAL NAME
9 (RLIN) 1184
Personal name Mohd. Rafi
245 ## - TITLE STATEMENT
Title Arzoo :
Statement of responsibility, etc by Mohd. Rafi ; music by Shankar Jaikishan ; lyric by Hasrat Jaipuri
Medium [sound recording] :
Remainder of title Hindustani /
246 ## - VARYING FORM OF TITLE
Title proper/short title आरजू (मोहमद रफ़ी )
260 ## - PUBLICATION, DISTRIBUTION, ETC. (IMPRINT)
Place of publication, distribution, etc Dum Dum India
Name of publisher, distributor, etc ODEON
Date of publication, distribution, etc 1968
300 ## - PHYSICAL DESCRIPTION
Extent 1 sound disc [Gramophone record] :
Other physical details analog, 45 1/3 rpm
Dimensions 7 in.
Type of unit Gramophone Record
500 ## - GENERAL NOTE
General note Brief Record
500 ## - GENERAL NOTE
General note ODEON
500 ## - GENERAL NOTE
General note Purpal
500 ## - GENERAL NOTE
General note Extended Play
505 ## - FORMATTED CONTENTS NOTE
Formatted contents note aAe phoolon ki rani part 1 (Arzoo) (Mohd. Rafi) ऐ फूलों की रानी पार्ट १ (आरजू ) (मोहमद रफ़ी ) chhalke teri ankhon se part 2 (Arzoo) (Mohd. Rafi) छलके तेरी आँखों से पार्ट २ (आरजू ) (मोहमद रफ़ी )
650 ## - SUBJECT ADDED ENTRY--TOPICAL TERM
Topical term or geographic name as entry element Classical Music
General subdivision Excerpts
Geographic subdivision India
9 (RLIN) 19603
Form subdivision Filmi song
700 ## - ADDED ENTRY--PERSONAL NAME
9 (RLIN) 19604
Personal name Shankar Jaikishan
700 ## - ADDED ENTRY--PERSONAL NAME
9 (RLIN) 19605
Personal name Hasrat Jaipuri
700 ## - ADDED ENTRY--PERSONAL NAME
9 (RLIN) 19610
700 ## - ADDED ENTRY--PERSONAL NAME
9 (RLIN) 19773
942 ## - ADDED ENTRY ELEMENTS (KOHA)
Source of classification or shelving scheme Dewey Decimal Classification
Item type Gramaphone Records
Holdings
Withdrawn status Lost status Source of classification or shelving scheme Damaged status Not for loan Collection code Home library Current library Date acquired Source of acquisition Total Checkouts Barcode Date last seen Copy number Price effective from Koha item type
    Dewey Decimal Classification   Not For Loan Non-fiction Central Library Central Library 13/09/2010 SED/VEN   GR-02285 13/09/2010 1 13/09/2010 Gramaphone Records

© Delhi Public Library
Hit Counter
free hit counter